000 00689nam a2200253Ia 4500
005 20260121114127.0
008 008 260114s9999 xx 000 0 eng d
020 _a9783527823604
037 _aEBOOK
040 _aCRL
040 _beng
040 _cCRL
041 _2eng
041 _aeng
084 _qCRL
100 _aJyotishkumar Parameswaranpillai
_9971186
245 0 _aBio-Based Epoxy Polymers, Blends and Composites - Synthesis, Properties, Characterization and Applications
260 _bWiley
260 _c2021
856 _uhttps://onlinelibrary.wiley.com/doi/book/10.1002/9783527823604
942 _cEBOOK
999 _c1550441
_d1550441